| 000 | 01340cam a2200229 4500 | ||
|---|---|---|---|
| 001 | WB3649-20 | ||
| 008 | 000000n2000 000 0 eng u | ||
| 035 | _a(Sirsi) u109956 | ||
| 245 | _aLeasehold enfranchisement | ||
| 260 | _c2000 | ||
| 490 |
_aEstates Gazette Case Summaries _v[2000] EGCS 146 (9/12/00) (1) |
||
| 520 | _a"Rosen v Trustees of Campden Charities" CA 30 November 2000. Before 1850 the then Trustees of the Campden Charities put up the site of Kensington Workhouse for sale. The successful builder R undertook to build 29 houses on the site, upon completion he was to be granted a 99-year lease from December 1849. In 1952 the trustees granted R a 99-year lease, by which date No 25 was complete. The issues of the appeal were, for the amount payable by R for the freehold of No 25 under the Leasehold Reform Act s9(1A), whether the orginal building constituted an improvement and, at the time of construction if the builder was the tenant of the long lease of No 25. Appeal dismissed. | ||
| 590 | _aWB | ||
| 650 | _aLEASEHOLD ENFRANCHISEMENT | ||
| 650 | _aLEASEHOLD REFORM ACT 1967 S9(1A) | ||
| 650 | _aDETERMINATION OF PRICE | ||
| 650 | _aIMPROVEMENTS | ||
| 650 | _aLONG LEASES | ||
| 650 | _aROSEN V TRUSTEES OF THE CAMDEN CHARITIES | ||
| 690 | _aLANDLORD AND TENANT-LEASEHOLD REFORM-CASE LAW | ||
| 942 | _n0 | ||
| 999 |
_c65589 _d65589 |
||